Twenty One Pilots Lyrics: Semi-Automatic - Statistics

General Stats
  • This quiz has been taken 167 times
  • The average score is 301 of 393
Answer Stats
Answer % Correct
i
100%
i'm
97%
my
96%
a
94%
on
92%
semi-automatic
91%
when
91%
you
91%
and
90%
the
89%
what
88%
but
87%
it
87%
like
87%
never
86%
live
85%
can't
84%
'cause
84%
cry
84%
i'll
84%
inside
84%
is
84%
kinda
84%
make
84%
night
84%
up
84%
yeah,
84%
yeah!
84%
double-sided
83%
just
83%
prayers
83%
twisted
83%
hide
81%
falls
79%
his
79%
name
79%
of
79%
with
79%
friend
78%
gravity
78%
sanity
78%
hope
77%
know
77%
mind
76%
schizophrenic
76%
away
75%
day
75%
earth
75%
only
75%
turns
75%
from
74%
sun
74%
be
73%
taking
73%
will
73%
melt
72%
its
71%
he
69%
horrors
69%
for
68%
leaves
67%
one
66%
we
66%
hills
65%
near
64%
until
64%
grave
63%
makes
62%
shadow
62%
survival
62%
whole
62%
window
62%
as
60%
lot
60%
fears
59%
grows
59%
along
58%
under
58%
glow
57%
move
57%
rides
56%
saved
56%
warm
56%
by
55%
silver
55%
smaller
55%
time
55%
burn
54%
lining
54%
night's
54%
shadows
54%
shrinks
54%
return
53%
rise
52%
sills
52%
stand
51%
taller
51%
waiting
51%
then
50%
d-d-doo
49%
doo,
49%
doo
49%
down
49%
off
48%
wears
48%
dust
47%
ground
47%
frame
43%
climbing
42%
d-d-doo
10%
No matching quizzes found
Score Distribution
Percent of People with Each Score
Percentile by Number Answered
Your Score History
You have not taken this quiz